[Event "Padova op-A 5th"]
[Site "Padova"]
[Date "2002.12.22"]
[Round "6.34"]
[White "Pikec, Paolo"]
[Black "Galliera, Dino"]
[Result "0-1"]
[WhiteElo "1567"]
[BlackElo "1648"]
[PlyCount "72"]
[EventDate "2002.12.14"]
[EventType "swiss"]
[EventRounds "6"]
[EventCountry "ITA"]
[SourceTitle "EXT 2023"]
[Source "ChessBase"]
[SourceDate "2022.10.05"]
[SourceVersion "1"]
[SourceVersionDate "2022.10.05"]
[SourceQuality "1"]

1. d4 d5 2. c4 e6 3. Nc3 Nf6 4. Nf3 c6 5. e3 Nbd7 6. cxd5 exd5 7. Bd3 Bd6 8. 0-0 0-0 9. Rb1 a5 10. a3 Qe7 11. Qc2 Re8 12. Bd2 Ne4 13. Ne2 Ndf6 14. b4 Nxd2 15. Qxd2 axb4 16. axb4 Ne4 17. Qb2 Bg4 18. Nd2 Bxe2 19. Bxe2 Qh4 20. Nf3 Qh6 21. b5 Re6 22. bxc6 bxc6 23. g3 Qh3 24. Qb7 Rd8 25. Ra1 Rh6 26. Ra7 Ng5 27. Rfa1 Nxf3+ 28. Bxf3 Qxh2+ 29. Kf1 Rf6 30. Ra8 Rf8 31. Bg2 g6 32. Rxf8+ Kxf8 33. Qxc6 Qxg3 34. Ra2 Kg7 35. Bxd5 Qxe3 36. Qxd6 Qd3+ 0-1

[Event "Padova op-A 5th"]
[Site "Padova"]
[Date "2002.12.15"]
[Round "2.33"]
[White "Pikec, Paolo"]
[Black "Ricci, Alfredo"]
[Result "0-1"]
[WhiteElo "1567"]
[BlackElo "1941"]
[PlyCount "156"]
[EventDate "2002.12.14"]
[EventType "swiss"]
[EventRounds "6"]
[EventCountry "ITA"]
[SourceTitle "EXT 2023"]
[Source "ChessBase"]
[SourceDate "2022.10.05"]
[SourceVersion "1"]
[SourceVersionDate "2022.10.05"]
[SourceQuality "1"]

1. d4 Nf6 2. c4 g6 3. Nc3 d5 4. e3 Bg7 5. Nf3 0-0 6. Bd3 a6 7. b3 dxc4 8. Bxc4 c5 9. 0-0 b5 10. Bd3 cxd4 11. Nxd4 Bb7 12. Bb2 Nbd7 13. Rc1 Rc8 14. Qe2 Nc5 15. Rfd1 Nxd3 16. Rxd3 Qa5 17. a3 Ne4 18. b4 Qb6 19. Nxe4 Rxc1+ 20. Bxc1 Bxe4 21. Rd2 Qb7 22. f3 Bd5 23. Bb2 e5 24. Nc2 e4 25. Bxg7 exf3 26. Qd1 Kxg7 27. Rxd5 fxg2 28. Kxg2 Rc8 29. e4 h5 30. Qd4+ Kh7 31. Ne3 Qe7 32. Rd7 Qg5+ 33. Kf3 Kg8 34. Nd5 Qg4+ 35. Ke3 Qh3+ 36. Kd2 Qxh2+ 37. Kd3 Qh3+ 38. Kd2 Qg2+ 39. Kd3 Qc2+ 40. Ke3 Qc1+ 41. Kf3 Qxa3+ 42. Kf4 Qc1+ 43. Kf3 Qf1+ 44. Ke3 Qg1+ 45. Kd3 Qxd4+ 46. Kxd4 Kf8 47. Ke3 g5 48. Kf3 Kg7 49. Rd6 Ra8 50. Rf6 a5 51. bxa5 Rxa5 52. Rf5 Kg6 53. Rf6+ Kg7 54. Rf5 Ra3+ 55. Kf2 f6 56. Rxf6 g4 57. Rf5 h4 58. Rg5+ Kf7 59. Rxg4 h3 60. Rg3 h2 61. Rxa3 h1Q 62. Rf3+ Kg7 63. Rg3+ Kh6 64. Re3 Qb1 65. Ke2 b4 66. Kd2 Qb2+ 67. Kd3 b3 68. Kc4 Qc2+ 69. Kb4 b2 70. Rh3+ Kg5 71. Rg3+ Kh4 72. Rg1 b1Q+ 73. Rxb1 Qxb1+ 74. Kc5 Qxe4 75. Kc6 Kg5 76. Kd6 Qe8 77. Kc5 Kf5 78. Kc4 Ke5 0-1